Städtequiz - Städte anhand von Bildern erkennen - Statistiken

Allgemein
  • Dieses Quiz wurde 276 mal gespielt
  • Das Durchschnittsergebnis liegt bei 8 aus 12
Antwortstatistiken
Bildquiz Antwort % Korrekt
London
100%
Amsterdam
88%
Dubai
88%
Washington
82%
Istanbul
73%
Rio de Janeiro
68%
Tokio
64%
Frankfurt
56%
Jerusalem
54%
Shanghai
49%
Zürich
31%
New York City
26%
Keine übereinstimmenden Quizze gefunden
Verteilung der Resultate
Anzahl Personen mit jedem Resultat
Perzentil nach korrekt beantworteten Fragen
Ihre Resultats-Entwicklung
Sie haben dieses Quiz noch nicht gespielt